| 000 | 00789nam a22002651 4500 | ||
|---|---|---|---|
| 001 | 23488 | ||
| 003 | BD-RjUL | ||
| 005 | 20211209000933.0 | ||
| 008 | 140311s1933 nyu 001 0 eng | ||
| 035 | _a(BD-RjUL)23553 | ||
| 035 | _a(OCoLC)419030 | ||
| 040 |
_aDLC _cOAU _dDLC _dBD-RjUL _beng |
||
| 041 | _aeng | ||
| 082 |
_a915.69 _bBEM 1933 |
||
| 100 | 1 |
_aBerenson, Mary. _972330 |
|
| 245 | 1 | 2 |
_aA modern pilgrimage / _cMary Berenson ... |
| 260 |
_aNew York ; _aLondon : _bD. Appleton and company, _cc1933. |
||
| 300 |
_axiii, 354, [1] p. : _bill., front., (map) ; _c23 cm. |
||
| 504 | _aIncludes index. | ||
| 651 | 0 |
_aPalestine _xDescription and travel. _971043 |
|
| 651 | 0 |
_aSyria _xDescription and travel. _949106 |
|
| 942 |
_2ddc _cBK |
||
| 999 |
_c23488 _d23488 |
||